000 00190 a2200109 4500
020 _a9780307951168
041 _aeng
100 _aJo Nesbo
245 _aPolice
942 _cBK
952 _71
999 _c21606
_d21606